000 00750nam a2200229 a 4500
001 59718
003 BD-RjUL
005 20211209080748.0
008 161227s1998 bg ||||| |||| 00| 0 ben d
035 _a(BD-RjUL)59842
040 _aBD-RjUL
_bben
_cBD-RjUL
041 _aben
082 _223
_a301.095492
_bDRI 1998
245 1 0 _aদৃষ্টিকোণ = A point of view /
260 _aইউনিসেফ :
_c১৯৯৮ [?]
300 _aখণ্ড. ;
_c২১ সেমি.
505 0 _aখণ্ড ২ --
650 _aসমাজ
_zবাংলাদেশ
_9177697
650 _aSociety
_zBangladesh
_9177698
700 _aহোসাইন, সেলিনা, সম্পাদক
_9177699
942 _2ddc
_cBK
999 _c59718
_d59718